[Event "ARG-ch (Women) 74th"]
[Site "Buenos Aires"]
[Date "2023.11.24"]
[Round "5"]
[White "Garbero, Ana Carolina"]
[Black "Figueroa, Layla Iazmin"]
[Result "1/2-1/2"]
[WhiteElo "1196"]
[BlackElo "1234"]
[PlyCount "165"]
[EventDate "2023.11.20"]
[EventType "swiss"]
[EventRounds "9"]
[EventCountry "ARG"]
[SourceTitle "CB49_2023"]
[SourceDate "2023.12.06"]
[SourceVersion "1"]
[SourceVersionDate "2023.12.06"]
[SourceQuality "1"]

1. d4 d5 2. e3 c5 3. c3 Nc6 4. Bd3 c4 5. Bc2 Nf6 6. Nd2 e6 7. f4 Bd6 8. Ngf3 0-0 9. 0-0 Ng4 10. Qe2 f5 11. h3 Nh6 12. Ne5 Qc7 13. Ndf3 Nf7 14. Nxf7 Rxf7 15. Ng5 Rf8 16. Qh5 h6 17. Nf3 b5 18. Qh4 b4 19. Ne5 Nxe5 20. fxe5 Be7 21. Qf2 Qa5 22. Bd2 bxc3 23. Bxc3 Bb4 24. Bxb4 Qxb4 25. b3 cxb3 26. Bxb3 Ba6 27. Rfc1 Qe7 28. Rc5 Qg5 29. Qf4 Qh5 30. Rac1 g5 31. Qg3 Kh8 32. Rc6 Bd3 33. Rxe6 f4 34. Qg4 Qxg4 35. hxg4 Be4 36. Rxh6+ Kg7 37. Rh3 Rac8 38. Rxc8 Rxc8 39. exf4 Rc1+ 40. Kh2 gxf4 41. Rh5 Rf1 42. Rg5+ Kh6 43. Rh5+ Kg6 44. e6 Rf2 45. Bxd5 Rxg2+ 46. Kh1 Rxg4+ 47. Bxe4+ Kxh5 48. e7 Rg8 49. Bc6 f3 50. e8Q+ Rxe8 51. Bxe8+ Kg5 52. Bb5 Kf4 53. d5 Ke5 54. Bc4 Kd6 55. Kg1 a5 56. Kf2 Ke5 57. Kxf3 Kd6 58. Ke3 Ke5 59. Kd3 a4 60. Kc3 Kd6 61. Kb2 Kc5 62. Kc3 Kb6 63. d6 Kc6 64. Bb5+ Kxd6 65. Bxa4 Kc5 66. a3 Kd6 67. Kb3 Kd5 68. Bb5 Kd6 69. a4 Ke6 70. a5 Kd5 71. a6 Kd6 72. a7 Kd5 73. a8Q+ Kd6 74. Qd8+ Ke6 75. Bc4+ Kf5 76. Qd5+ Kg6 77. Qe6+ Kh7 78. Bd3+ Kh8 79. Qe8+ Kg7 80. Qc6 Kg8 81. Bc4+ Kf8 82. Qd6+ Ke8 83. Be6 1/2-1/2

[Event "ARG-ch (Women) 74th"]
[Site "Buenos Aires"]
[Date "2023.11.20"]
[Round "1"]
[White "Encina, Guadalupe"]
[Black "Figueroa, Layla Iazmin"]
[Result "1-0"]
[WhiteElo "1877"]
[BlackElo "1234"]
[PlyCount "93"]
[EventDate "2023.11.20"]
[EventType "swiss"]
[EventRounds "9"]
[EventCountry "ARG"]
[SourceTitle "CB49_2023"]
[SourceDate "2023.12.06"]
[SourceVersion "1"]
[SourceVersionDate "2023.12.06"]
[SourceQuality "1"]

1. d4 d5 2. Bf4 c5 3. e3 Nc6 4. c3 Bf5 5. Nd2 e6 6. Ngf3 Nf6 7. Nh4 Be4 8. Qb3 Qd7 9. f3 Bg6 10. Nxg6 hxg6 11. g4 a6 12. a4 Na5 13. Qb6 Nc6 14. dxc5 e5 15. Bg3 Be7 16. Rd1 Bd8 17. Qb3 0-0 18. h4 e4 19. g5 Nh5 20. Bh3 Qe7 21. Bd6 Qe8 22. Qxd5 Be7 23. Nxe4 Bxd6 24. cxd6 Ne5 25. Kf2 Rd8 26. Nc5 Nd7 27. Nxd7 Rxd7 28. Bxd7 Qxd7 29. Rd4 Kh7 30. Rb4 a5 31. Rxb7 Qxa4 32. Qe4 Qa2 33. d7 f6 34. Qe7 Qg8 35. Rd1 Rd8 36. Rd4 f5 37. Rd6 f4 38. e4 Ng3 39. Qe6 Qxe6 40. Rxe6 Nxe4+ 41. Rxe4 a4 42. Re8 a3 43. Rxd8 axb2 44. Rh8+ Kxh8 45. d8Q+ Kh7 46. Rb8 b1N 47. Qh8# 1-0

[Event "ARG-ch U20"]
[Site "Buenos Aires"]
[Date "2023.02.21"]
[Round "9"]
[White "Figueroa, Layla Iazmin"]
[Black "Muruchi Machaca, Sol Angeles"]
[Result "1-0"]
[WhiteElo "1017"]
[BlackElo "1202"]
[PlyCount "59"]
[EventDate "2023.02.17"]
[EventType "swiss"]
[EventRounds "9"]
[EventCountry "ARG"]
[SourceTitle "EXT 2024"]
[Source "ChessBase"]
[SourceDate "2023.10.10"]
[SourceVersion "1"]
[SourceVersionDate "2023.10.10"]
[SourceQuality "1"]

1. e4 e5 2. Nf3 Nf6 3. Nc3 Bb4 4. Bc4 0-0 5. d3 Nc6 6. 0-0 Bxc3 7. bxc3 d5 8. exd5 Nxd5 9. Bg5 Qd6 10. Qd2 Bg4 11. d4 Bxf3 12. gxf3 Nf4 13. Bxf4 exf4 14. Kh1 Rae8 15. Rg1 Ne5 16. Be2 Qd5 17. Qd1 Ng6 18. c4 Qe6 19. Bf1 Re7 20. d5 Qe5 21. Bd3 Rfe8 22. Bxg6 fxg6 23. Qd3 c6 24. d6 Re6 25. d7 Rd8 26. Rge1 Qf6 27. Rab1 b5 28. cxb5 cxb5 29. Qxb5 Qc3 30. Qd5 1-0